000 00288nam a22001337a 4500
008 260211b ||||| |||| 00| 0 eng d
020 _a9788853616043
041 _aital
080 _a0.5
100 _a20
101 _aital
245 _ai Malavoglia
_cGiovanni Verga
942 _2lcc
_cBK
999 _c60776
_d60776